000 00900nam a22002657a 4500
001 BR0703085
003 BR-BrBNA
005 20230928102449.0
007 ta
008 230509b bl.||||| |||| 00| 0 por d
040 _aBR-BrBNA
_bpor
_cBiblioteca Nacional de Agricultura
041 _a(Por)
072 _aD50; D10
090 _ D50 BR0703085
100 1 _aOliveira, I.V. (coord.)
110 1 _aMinistério da Agricultura, Pecuária e Abastecimento, Brasília, DF (Brasil). Secretaria Executiva. Biblioteca Nacional de Agricultura
_97342
245 1 _aEstrutura regimental, quadro demonstrativo de cargos em comissão e funções gratificadas, regimentos internos
260 3 _aBrasília, DF (Brasil):
_c2007.
300 _a300 p.
650 _aLEGISLAÇÃO
650 _aADMINISTRAÇÃO
650 _aADMINISTRAÇÃO DE PESSOAL
909 _a202309
_bLucia
_c55
_dLucia Elande
942 _cBK
999 _c70900
_d70900